|
|
|
|
| LEADER |
01832cas a2200241 a 4500 |
| 001 |
AALejournalIMF020063 |
| 008 |
230101c9999 xx r poo 0 0eng d |
| 020 |
|
|
|c 5.00 USD
|
| 020 |
|
|
|z 9781498338318
|
| 022 |
|
|
|a 2663-3493
|
| 040 |
|
|
|a BD-DhAAL
|c BD-DhAAL
|
| 110 |
2 |
|
|a International Monetary Fund.
|
| 245 |
1 |
0 |
|a Statement by the Managing Director on the Work Program of the Executive Board :
|b Executive Board Meeting.
|
| 264 |
|
1 |
|a Washington, D.C. :
|b International Monetary Fund,
|c 2011.
|
| 300 |
|
|
|a 1 online resource (7 pages)
|
| 490 |
1 |
|
|a Policy Papers
|
| 500 |
|
|
|a <strong>Off-Campus Access:</strong> No User ID or Password Required
|
| 500 |
|
|
|a <strong>On-Campus Access:</strong> No User ID or Password Required
|
| 506 |
|
|
|a Electronic access restricted to authorized BRAC University faculty, staff and students
|
| 520 |
3 |
|
|a The global economy has entered a dangerous new phase with severe downside risks. The Fund has been called by the IMFC to contribute to an orderly resolution of these tensions, and the membership must be prepared for bold action. Our first responsibility is to help develop and coordinate solutions to immediate threats to global stability, in particular to provide insightful analysis and policy advice to address fiscalfinancial vulnerabilities and rekindle growth and job creation. Yet we must also be prepared to fortify the global financial safety net. Secondly, we must redouble efforts to make the international monetary system (IMS) stronger in the longer term-through more effective surveillance and a clearer shared vision of the system's key underpinnings.
|
| 538 |
|
|
|a Mode of access: Internet
|
| 830 |
|
0 |
|a Policy Papers; Policy Paper ;
|v No. 2011/090
|
| 856 |
4 |
0 |
|z Full text available on IMF
|u http://elibrary.imf.org/view/journals/007/2011/090/007.2011.issue-090-en.xml
|z IMF e-Library
|